Πεζός λόγος

Αποθηκεύτηκε σε:
Λεπτομέρειες βιβλιογραφικής εγγραφής
Κύριος συγγραφέας: Σικελιανός, Άγγελος, 1884-1951
Άλλοι συγγραφείς: Σαββίδης, Γιώργος Π., 1929-1995 (Επιμελητής έκδοσης)
Μορφή: Βιβλίο
Γλώσσα:Greek
Δημοσίευση: [Αθήνα] : Ίκαρος, 1980-1985.
Θέματα:
Ετικέτες: Προσθήκη ετικέτας
Δεν υπάρχουν, Καταχωρήστε ετικέτα πρώτοι!

MARC

LEADER 00000cam a2200000 i 4500
001 1/77165
008 960805m19801985gr | ||| |||| ||gre||
035 |a 1993  |b 2  |c Αναγνωστοπούλου  |l 10032593 
040 |a GR-MyUa  |b gre  |e AACR2 
041 0 |a gre 
082 7 |a 889.3   |2 (22)  
082 7 |a 889.4   |2 (23) 
100 1 |a Σικελιανός, Άγγελος,   |d 1884-1951. 
240 1 0 |a Άπαντα.   |n XI-XV 
245 1 0 |a Πεζός λόγος /   |c Αγγελου Σικελιανού ; φιλολογική επιμέλεια Γ. Π. Σαββίδης.  
260 |a [Αθήνα] :   |b Ίκαρος,   |c 1980-1985.  
300 |a 5 τ. ;   |c 20 εκ.  
505 8 |a Τ. 1. (1908-1928) -- τ. 2. Δελφικά (1921-1951) -- τ. 3. (1929-1938) -- τ. 4. (1940 - 1944) -- τ. 5. (1945-1951).  
650 0 |a Greek literature. 
700 1 |a Σαββίδης, Γιώργος Π.,   |d 1929-1995,  |e edt 
852 |a INST  |b RHODES  |e 19960805  |h 889.3 ΣΙΚ  |p 005400009332  |q 005400009332  |t BK  |y 0  |z τ.2 
852 |a INST  |b RHODES  |e 19960805  |h 889.3 ΣΙΚ  |p 005400009333  |q 005400009333  |t BK  |y 0  |z τ.3 
852 |a INST  |b RHODES  |e 19960805  |h 889.3 ΣΙΚ  |p 005400009334  |q 005400009334  |t BK  |y 0  |z τ.4 
852 |a INST  |b RHODES  |e 19960805  |h 889.3 ΣΙΚ  |p 005400009335  |q 005400009335  |t BK  |y 0  |z τ.5 
852 |a INST  |b RHODES  |e 19960805  |h 889.3 ΣΙΚ  |p 005400009332  |q 005400009332  |t BK  |v τ.2:  |y 0  |z τ.2 
852 |a INST  |b RHODES  |e 19960805  |h 889.3 ΣΙΚ  |p 005400009333  |q 005400009333  |t BK  |v τ.3:  |y 0  |z τ.3 
852 |a INST  |b RHODES  |e 19960805  |h 889.3 ΣΙΚ  |p 005400009334  |q 005400009334  |t BK  |v τ.4:  |y 0  |z τ.4 
852 |a INST  |b RHODES  |e 19960805  |h 889.3 ΣΙΚ  |p 005400009335  |q 005400009335  |t BK  |v τ.1:  |y 0  |z τ.5 
852 |a INST  |b SYROS  |e 20170209  |h 889.4 ΣΙΚ  |p 005500012881  |q 005500012881  |t BK  |v τ.1:  |y 0 
852 |a INST  |b SYROS  |e 20170209  |h 889.4 ΣΙΚ  |p 005500012882  |q 005500012882  |t BK  |v τ.2:  |y 0 
852 |a INST  |b SYROS  |e 20170209  |h 889.4 ΣΙΚ  |p 005500012883  |q 005500012883  |t BK  |v τ.3:  |y 0 
853 |a INST  |b RHODES  |h 889.3 ΣΙΚ 
853 |a INST  |b SYROS  |h 889.4 ΣΙΚ 
970 |z 2000/07/ΚΑΤΕΡΙΝΑ